|
|
|
|
| LEADER |
00000cam a2200000 7i4500 |
| 001 |
0000070103 |
| 005 |
20170213.0 |
| 008 |
170213 |
| 020 |
|
|
|a 0811430049
|
| 090 |
0 |
0 |
|a SC
|b ENG
|
| 100 |
1 |
|
|a Davies,Kay
|
| 245 |
1 |
1 |
|a Electricity and magnetism
|c Kat Davies;Wendy Oldfield
|
| 260 |
|
|
|a Texas :
|b Raintree steck-vaughn publishers ,
|c 1992
|
| 490 |
1 |
|
|a Starting science
|
| 650 |
|
0 |
|a Electric circuits-juvenile literature
|
| 650 |
|
0 |
|a Electricity-experiments-juvenile literature
|
| 650 |
|
0 |
|a Electricity-juvenile literature
|
| 650 |
|
0 |
|a Magnetism-experiments-juvenile literature
|
| 650 |
|
0 |
|a Magnetism-juvenile literature
|
| 999 |
|
|
|a 0000796436
|b Book
|c Children Collection
|e Cawangan Segamat
|
| 999 |
|
|
|a 0000799234
|b Book
|c Children Collection
|e Cawangan Pontian
|